| 000 | 00364nam a22001457a 4500 | ||
|---|---|---|---|
| 003 | SGT | ||
| 020 | _a9788194808060 | ||
| 082 |
_a342.0954 _bDES |
||
| 100 | _aDESHPANDE , BHAGYASHREE | ||
| 245 |
_aINDIAN CONSTITUTIONAL LAW _bTHE NEW CHALLENGES |
||
| 250 | _a1 | ||
| 260 |
_aALLAHABAD _bCENTRAL LAW PUBLICATION _c2021 |
||
| 300 | _aXXXII ,532 | ||
| 942 |
_2ddc _cBK _02 |
||
| 999 |
_c23008 _d23008 |
||